| 000 | 01091nas a2200373 4500 | ||
|---|---|---|---|
| 001 | BR2015006944 | ||
| 003 | BR-BrBNA | ||
| 005 | 20231205130010.0 | ||
| 007 | ta | ||
| 008 | 230509b bl.|||p| |||| 00| 00por d | ||
| 040 |
_aBR-BrBNA _bpor _cBiblioteca Nacional de Agricultura |
||
| 041 | _a(En) | ||
| 072 | _aL70 | ||
| 100 | 1 | _aGuidolin, R. | |
| 100 | 1 | _aStephano, M.A. | |
| 100 | 1 | _aMorais, J.F. | |
| 100 | 1 | _aSakaguti, E.H. | |
| 100 | 1 | _aPrado, S.M.A. | |
| 100 | 1 | _aFratelli, F. | |
| 100 | 1 | _aVancetto, M.D.C. | |
| 100 | 1 | _aHigashi, H.G. | |
| 245 | 1 | _aProduction of an effective anti-bothrops-tetanus mixed hyperimmune serum of equine origin | |
| 650 | _aEQUINO | ||
| 650 | _aTOXINA | ||
| 650 | _aCIENCIA ANIMAL | ||
| 650 | _aSORO | ||
| 650 | _aIMUNIDADE | ||
| 650 | _aDEFESA ANIMAL | ||
| 650 | _aTETANO | ||
| 773 | 0 |
_tJournal of Venomous Animals and Toxins (Brazil) _xISSN 1678-4936 _g(1998), v. 4(1) p. 70-78 _wBR2015006944 |
|
| 856 | 4 | 0 | _uhttp://dx.doi.org/10.1590/S0104-79301998000100007 |
| 909 |
_a202311 _bLúcia _c55 _dLúcia Elande |
||
| 942 |
_2AGRIS _n0 _cANA |
||
| 999 |
_c247350 _d247350 |
||